Teatro de títeres: arte, técnica y aplicaciones en la educación moderna
Gardado en:
| Main Authors: | , |
|---|---|
| Formato: | Libro |
| Idioma: | Lingua castelá |
| Publicado: |
Santiago
Universitaria
1972
|
| Edición: | 2a. ed |
| Series: | Colección Manuales
|
| Subjects: | |
| Tags: |
Engadir etiqueta
Sen Etiquetas, Sexa o primeiro en etiquetar este rexistro!
|
MARC
| LEADER | 00000nam a2200000 a 4500 | ||
|---|---|---|---|
| 001 | UCW3458 | ||
| 003 | CL-VaPUC | ||
| 008 | 880915e19720000CL |||||||||||||||||spa|d | ||
| 082 | 0 | 4 | |a 371.332 |b CER |2 21 |
| 100 | 0 | |a Cerda Gutiérrez, Hugo |e author |9 307620 | |
| 700 | |a Cerda, Enrique |e author |9 307621 | ||
| 245 | 1 | 0 | |a Teatro de títeres: arte, técnica y aplicaciones en la educación moderna |
| 250 | |a 2a. ed | ||
| 300 | |a 195 p | ||
| 942 | |c BK | ||
| 945 | |d 19880915 00:00:00 | ||
| 260 | |a Santiago |b Universitaria |c 1972 | ||
| 650 | 7 | |a TITERES Y TEATRO DE TITERES |2 CL-VaPUC |9 307622 | |
| 650 | 7 | |a TEATRO ESCOLAR E INFANTIL. |2 CL-VaPUC |9 307623 | |
| 650 | 7 | |a TEATRO EN LA EDUCACION |2 CL-VaPUC |9 307624 | |
| 583 | |a last modification |c 19880915 00:00:00 |k Rodrigo Vera | ||
| 490 | 0 | |a Colección Manuales | |
| 999 | |c 217442 |d 217440 | ||
| 952 | |0 0 |1 0 |4 0 |6 371_332000000000000_CER_1972 |7 0 |8 P |9 205007 |a BIBEDU |b BIBEDU |c BIBEDU_PB |d 2019-11-15 |i 272961K |o 371.332 CER 1972 |p 272961K |r 2024-01-25 |w 2019-11-15 |y BK |k EDU | ||
| 952 | |0 0 |1 0 |4 0 |6 371_332000000000000_CER_1972 |7 0 |8 P |9 205008 |a BIBEDU |b BIBEDU |c BIBEDU_PB |d 2019-11-15 |i 2729628 |o 371.332 CER 1972 |p 2729628 |r 2024-01-25 |w 2019-11-15 |y BK |k EDU | ||
| 952 | |0 0 |1 0 |4 0 |6 371_332000000000000_CER_1972 |7 0 |8 P |9 205009 |a BIBEDU |b BIBEDU |c BIBEDU_PB |d 2019-11-15 |i 1548999 |o 371.332 CER 1972 |p 1548999 |r 2024-01-25 |w 2019-11-15 |y BK |k EDU | ||
| 952 | |0 0 |1 0 |4 0 |6 371_332000000000000_CER_1972 |7 0 |8 P |9 205010 |a BIBEDU |b BIBEDU |c BIBEDU_PB |d 2019-11-15 |i 1548972 |o 371.332 CER 1972 |p 1548972 |r 2024-01-25 |w 2019-11-15 |y BK |k EDU | ||
| 952 | |0 0 |1 0 |4 0 |6 371_332000000000000_CER_1972 |7 0 |8 P |9 205011 |a BIBEDU |b BIBEDU |c BIBEDU_PB |d 2019-11-15 |i 1550004 |o 371.332 CER 1972 |p 1550004 |r 2024-01-25 |w 2019-11-15 |y BK |k EDU | ||